<?xml version="1.0" encoding="UTF-8"?><?xml-stylesheet type="text/xsl" href="static/style.xsl"?><OAI-PMH xmlns="http://www.openarchives.org/OAI/2.0/" xmlns:xsi="http://www.w3.org/2001/XMLSchema-instance" xsi:schemaLocation="http://www.openarchives.org/OAI/2.0/ http://www.openarchives.org/OAI/2.0/OAI-PMH.xsd"><responseDate>2026-06-01T09:53:57Z</responseDate><request verb="GetRecord" identifier="oai:riuma.uma.es:10630/22685" metadataPrefix="marc">https://riuma.uma.es/rest/oai/request</request><GetRecord><record><header><identifier>oai:riuma.uma.es:10630/22685</identifier><datestamp>2026-02-03T12:04:32Z</datestamp><setSpec>com_10630_2254</setSpec><setSpec>col_10630_37959</setSpec></header><metadata><record xmlns="http://www.loc.gov/MARC21/slim" xmlns:dcterms="http://purl.org/dc/terms/" xmlns:doc="http://www.lyncode.com/xoai" xmlns:xsi="http://www.w3.org/2001/XMLSchema-instance" xsi:schemaLocation="http://www.loc.gov/MARC21/slim http://www.loc.gov/standards/marcxml/schema/MARC21slim.xsd">
   <leader>00925njm 22002777a 4500</leader>
   <datafield ind2=" " ind1=" " tag="042">
      <subfield code="a">dc</subfield>
   </datafield>
   <datafield ind2=" " ind1=" " tag="720">
      <subfield code="a">López-García, Guillermo</subfield>
      <subfield code="e">author</subfield>
   </datafield>
   <datafield ind2=" " ind1=" " tag="720">
      <subfield code="a">Jerez-Aragonés, José Manuel</subfield>
      <subfield code="e">author</subfield>
   </datafield>
   <datafield ind2=" " ind1=" " tag="720">
      <subfield code="a">Ribelles, Nuria</subfield>
      <subfield code="e">author</subfield>
   </datafield>
   <datafield ind2=" " ind1=" " tag="720">
      <subfield code="a">Alba-Conejo, Emilio</subfield>
      <subfield code="e">author</subfield>
   </datafield>
   <datafield ind2=" " ind1=" " tag="720">
      <subfield code="a">Veredas-Navarro, Francisco Javier</subfield>
      <subfield code="e">author</subfield>
   </datafield>
   <datafield ind2=" " ind1=" " tag="260">
      <subfield code="c">2021</subfield>
   </datafield>
   <datafield ind2=" " ind1=" " tag="520">
      <subfield code="a">The aim of this study is to systematically examine the performance of transformer-based models for the detection of tumor morphology mentions in clinical documents in Spanish. For this purpose, we analyzed 3 transformer models supporting the Spanish language, namely multilingual BERT, BETO and XLM-RoBERTa. By means of a transfer- learning-based approach, the models were first pretrained on a collection of real-world oncology clinical cases with the goal of adapting trans- formers to the distinctive features of the Spanish oncology domain. The resulting models were further fine-tuned on the Cantemist-NER task, addressing the detection of tumor morphology mentions as a multi-class sequence-labeling problem. To evaluate the effectiveness of the proposed approach, we compared the obtained results by the domain-specific ver- sion of the examined transformers with the performance achieved by the general-domain version of the models. The results obtained in this pa- per empirically demonstrated that, for every analyzed transformer, the clinical version outperformed the corresponding general-domain model on the detection of tumor morphology mentions in clinical case reports in Spanish. Additionally, the combination of the transfer-learning-based approach with an ensemble strategy exploiting the predictive capabilities of the distinct transformer architectures yielded the best obtained results, achieving a precision value of 0.893, a recall of 0.887 and an F1-score of 0.89, which remarkably surpassed the prior state-of-the-art performance for the Cantemist-NER task.</subfield>
   </datafield>
   <datafield ind1="8" ind2=" " tag="024">
      <subfield code="a">https://hdl.handle.net/10630/22685</subfield>
   </datafield>
   <datafield tag="653" ind2=" " ind1=" ">
      <subfield code="a">Oncología</subfield>
   </datafield>
   <datafield ind2="0" ind1="0" tag="245">
      <subfield code="a">Detection of tumor morphology mentions in clinical reports in Spanish using transformers</subfield>
   </datafield>
</record>
</metadata></record></GetRecord></OAI-PMH>